| 000 | 00697nam2a22002411 4500 | ||
|---|---|---|---|
| 001 | RU\NLR\INFOCOMM33\1000076512 | ||
| 005 | 20250617065034.0 | ||
| 035 | _a(NLR Aleph) 002532422 | ||
| 090 |
_a2861108 _c2861108 |
||
| 100 | _a20040426d2001 |||y0rusy50 ca | ||
| 101 | 0 | _arus | |
| 102 | _aRU | ||
| 105 | _ay ||||||||| | ||
| 200 | 0 | _a№18 | |
| 210 |
_d2001 _aБ. м. |
||
| 461 | 0 |
_1001RU\NLR\INFOCOMM33\1000076499 _12001#$aМир Паустовского$v№18 _92861079 _cМ. _d1992- _tМир Паустовского _x0234-6710 _v№18 |
|
| 801 | 1 |
_aRU _bInfoComm _c20040426 |
|
| 801 | 0 |
_aRU _bNLR _gPSBO |
|
| 852 |
_aNLR _jП35/590 |
||
| 942 | _cISSUE | ||
| 980 | _aNB | ||
| 980 | _aRUSPER | ||